[Event "Ride the Volga"]
[Site "SchemingMind.com"]
[Date "2009.08.02"]
[Round "-"]
[White "kiraly"]
[Black "maro"]
[Result "1-0"]
[WhiteCountry "INT"]
[BlackCountry "MEX"]
[WhiteElo "2364"]
[WhiteRD "84"]
[BlackElo "1292"]
[BlackRD "48"]
[GameID "214546"]

1. d4 Nf6 2. c4 c5 3. d5 b5 4. cxb5 d6 5. Nc3 a5 6. Nf3 Bb7 7. e4 Qd7 8. e5 Nxd5 9. Nxd5 e6 10. Nb6 Qe7
11. exd6 Qxd6 12. Qxd6 Bxd6 13. Nxa8 Bxa8 14. Nd2 O-O 15. Nc4 Be7 16. Nxa5 Bd5 17. Nc4 Nd7 18. a4 Ra8 19. a5 Bxc4 20. Bxc4 Ne5
21. Be2 c4 22. b6
1-0

[Event "Ride the Volga"]
[Site "SchemingMind.com"]
[Date "2009.08.03"]
[Round "-"]
[White "maro"]
[Black "kiraly"]
[Result "0-1"]
[WhiteCountry "MEX"]
[BlackCountry "INT"]
[WhiteElo "1292"]
[WhiteRD "48"]
[BlackElo "2364"]
[BlackRD "84"]
[GameID "214547"]

1. d4 Nf6 2. c4 c5 3. d5 b5 4. cxb5 a6 5. Qd3 axb5 6. Qxb5 Nxd5 7. Qxc5 e6 8. Qd4 Nc6 9. Qg4 Ndb4 10. Na3 Rxa3
11. bxa3 Nc2+ 12. Kd1 Nxa1 13. e3 Qa5 14. Bd2 Qxa3 15. Nf3 Nb3 16. Bc4 Qxa2
0-1

[Event "Ride the Volga"]
[Site "SchemingMind.com"]
[Date "2009.08.05"]
[Round "-"]
[White "Kasker"]
[Black "maro"]
[Result "1-0"]
[WhiteCountry "POL"]
[BlackCountry "MEX"]
[WhiteElo "2284"]
[WhiteRD "81"]
[BlackElo "1292"]
[BlackRD "48"]
[GameID "214860"]

1. d4 Nf6 2. c4 c5 3. d5 b5 4. cxb5 Qa5+ 5. Nc3 Bb7 6. Bd2 Nxd5 7. Nxd5 Qxb5 8. Nc7+ Kd8 9. Nxb5 a6 10. Ba5+ Ke8
11. Nc7+ Kd8 12. Nxa8+ Ke8 13. Qb3
1-0

[Event "Ride the Volga"]
[Site "SchemingMind.com"]
[Date "2009.08.05"]
[Round "-"]
[White "Kasker"]
[Black "kiraly"]
[Result "1/2-1/2"]
[WhiteCountry "POL"]
[BlackCountry "INT"]
[WhiteElo "2191"]
[WhiteRD "81"]
[BlackElo "2355"]
[BlackRD "84"]
[GameID "214861"]

1. d4 Nf6 2. c4 c5 3. d5 b5 4. Nf3 Qa5+ 5. Bd2 b4 6. Bg5 d6 7. Nbd2 Nbd7 8. e4 g6 9. Nb3 Qb6 10. Bd3 Bg7
11. a3 Rb8 12. O-O bxa3 13. Rxa3 h6 14. Bd2 Ng4 15. Ba5 Qb7 16. Nfd2 Nge5 17. Be2 g5 18. Bc3 O-O 19. Qc2 Qc7 20. Rfa1 a6
21. Nf1 Ng6 22. Bxg7 Kxg7 23. Bg4 Qb6 24. R1a2 Nde5 25. Bxc8 Rfxc8 26. Nbd2 Ra8 27. Ng3 Kh7 28. Rb3 Qc7 29. Qc3 Rcb8 30. Rba3 Rb6
31. b3 Qb7 32. Ne2 Qc8 33. Nf3 Rab8 34. Nxe5 Nxe5 35. Nc1 Qb7 36. Rc2 Qc8 37. Re2 Qh8 38. Rea2 Ra8 39. Qc2 g4 40. Ra1 h5
41. Nd3 h4 42. Re1 Rg8 43. Re3 Qf6 44. Nxe5 Qxe5 45. Qe2 g3 46. fxg3 hxg3 47. h3 Qd4 48. Kh1 Rg5 49. Rf3 f6 50. Ra2 Qe5
51. Kg1 Kh6 52. Qe1 Qd4+ 53. Kh1 Qe5 54. Re2 Rb8 55. Ree3 Rbg8 56. Qd2 Kh7 57. Kg1 R8g7 58. Kf1 Rg8 59. Ke2 Qa1 60. Rf1 Qe5
61. Kd3 Kh6 62. Qc3 Qxc3+ 63. Kxc3 Re8 64. b4 cxb4+ 65. Kxb4 Rb8+ 66. Kc3 Rb6 67. Ra1 Kh5 68. Ra4 Rg8 69. Rf3 Rgb8 70. Ra3 Rg8
71. Rf4 Rb1 72. Rf5+ Kh6 73. Rxa6 Rc1+ 74. Kd3 Rd1+= 75. Ke2 Rg1 76. Kf3 Rf1+ 77. Ke2 Rg1 78. Kf3 Rf1+ 79. Ke3 Re1+ 80. Kd3 Rg1
81. Ra2 Rd1+ 82. Rd2 Rc1 83. Rf3 Ra8 84. Ke3 Rxc4 85. Rxg3 Ra3+ 86. Rd3 Raa4 87. Rg4 f5 88. exf5 Rxg4 89. hxg4 Rxg4 90. Kf3 Kg5
91. Re3 Rf4+ 92. Ke2 Rxf5 93. Rxe7= Rxd5 94. Rf7 Kg4=
1/2-1/2

[Event "Ride the Volga"]
[Site "SchemingMind.com"]
[Date "2009.08.05"]
[Round "-"]
[White "maro"]
[Black "Kasker"]
[Result "0-1"]
[WhiteCountry "MEX"]
[BlackCountry "POL"]
[WhiteElo "1292"]
[WhiteRD "48"]
[BlackElo "2284"]
[BlackRD "81"]
[GameID "214863"]

1. d4 Nf6 2. c4 c5 3. d5 b5 4. cxb5 a6 5. Qa4 Nxd5 6. e4 Nb6 7. Qa5 e6 8. g3 d5 9. e5 c4 10. bxa6 Nc6
11. Qb5 Bd7 12. Bg5 Qxg5 13. Qxb6 Qc1+ 14. Ke2 Bb4 15. Kf3 Qxf1
0-1

[Event "Ride the Volga"]
[Site "SchemingMind.com"]
[Date "2009.08.05"]
[Round "-"]
[White "kiraly"]
[Black "Kasker"]
[Result "1/2-1/2"]
[WhiteCountry "INT"]
[BlackCountry "POL"]
[WhiteElo "2369"]
[WhiteRD "79"]
[BlackElo "2287"]
[BlackRD "83"]
[GameID "214864"]

1. d4 Nf6 2. c4 c5 3. d5 b5 4. cxb5 a6 5. bxa6 g6 6. Nc3 Bxa6 7. e4 Bxf1 8. Kxf1 d6 9. g3 Bg7 10. Kg2 O-O
11. Nf3 Nbd7 12. Re1 Qb8 13. a4 Qb7 14. Qe2 Rfc8 15. a5 Ra6 16. Bd2 Rca8 17. Na4 e6 18. dxe6 fxe6 19. Ng5 Re8 20. Bc3 h6
21. Nh3 Kf7 22. Nf4 Rc6 23. Rac1 Qb3 24. Qc2 Qxc2 25. Rxc2 c4 26. Bxf6 Bxf6 27. b4 c3 28. Ne2 Rb8 29. Rb1 Rc4 30. Naxc3 Bxc3
31. Rxc3 Rxe4 32. Rc7 Ke7 33. Nc3 Rexb4 34. Rxb4 Rxb4 35. a6 Rb8 36. a7 Ra8 37. Na4 Kd8 38. Rxd7+ Kxd7 39. Nb6+ Kc7 40. Nxa8+ Kb7
41. Nc7 Kxa7 42. Nxe6 Kb6 43. Nd8 Kc5 44. Ne6+ Kc4 45. h4 d5 46. Nf4 d4 47. Kf1 g5 48. hxg5 hxg5 49. Ng2 Kd3 50. Ke1 Ke4=
1/2-1/2

[Event "Ride the Volga"]
[Site "SchemingMind.com"]
[Date "2009.08.06"]
[Round "-"]
[White "Kasker"]
[Black "old man of the rooks"]
[Result "1-0"]
[WhiteCountry "POL"]
[BlackCountry "USA"]
[WhiteElo "2284"]
[WhiteRD "81"]
[BlackElo "1484"]
[BlackRD "335"]
[GameID "214900"]

1. d4 Nf6 2. c4 c5 3. d5 b5 4. cxb5 a6 5. bxa6 g6 6. Nc3 Bxa6 7. Nf3 d6 8. e4 Bxf1 9. Kxf1 Bg7 10. g3 O-O
11. Kg2 Nbd7 12. Re1
1-0

[Event "Ride the Volga"]
[Site "SchemingMind.com"]
[Date "2009.08.05"]
[Round "-"]
[White "jonjenson"]
[Black "maro"]
[Result "1-0"]
[WhiteCountry "ENG"]
[BlackCountry "MEX"]
[WhiteElo "1789"]
[WhiteRD "155"]
[BlackElo "1292"]
[BlackRD "48"]
[GameID "214945"]

1. d4 Nf6 2. c4 c5 3. d5 b5 4. cxb5 Qa5+ 5. Nc3 Nxd5 6. Qxd5 Nc6 7. bxc6 e6 8. cxd7+ Bxd7 9. Qxa8+ Qd8 10. Qxa7 Bd6
11. e3 O-O 12. Nf3 c4 13. Bxc4 Bb8 14. Qd4 Re8 15. Ne5 Bxe5 16. Qxe5
1-0

[Event "Ride the Volga"]
[Site "SchemingMind.com"]
[Date "2009.08.06"]
[Round "-"]
[White "jonjenson"]
[Black "kiraly"]
[Result "0-1"]
[WhiteCountry "ENG"]
[BlackCountry "INT"]
[WhiteElo "1789"]
[WhiteRD "155"]
[BlackElo "2364"]
[BlackRD "84"]
[GameID "214946"]

1. d4 Nf6 2. c4 c5 3. d5 b5 4. cxb5 a6 5. b6 Qxb6 6. Nc3 d6 7. e4 g6 8. Nf3 Nbd7 9. Nd2 Bg7 10. Be2 O-O
11. O-O Qc7 12. a4 Bb7 13. Nc4 Nb6 14. Ne3 Nbd7 15. Nc4 Nb6 16. Na3 e6 17. a5 Nc8 18. Nc4 Nxe4 19. Nxe4 exd5 20. Nxc5 dxc5
21. Ne3 Ne7 22. Ra3 d4 23. Nc4 Rfe8 24. Bf3 Bxf3 25. Qxf3 Qc6 26. Qg3 Rad8 27. Bd2 Nf5 28. Qb3 d3 29. Qb6 Qd5 30. b3 Nh4
31. f3 Re2 32. Rf2 Bd4
0-1

[Event "Ride the Volga"]
[Site "SchemingMind.com"]
[Date "2009.08.06"]
[Round "-"]
[White "jonjenson"]
[Black "Kasker"]
[Result "1/2-1/2"]
[WhiteCountry "ENG"]
[BlackCountry "POL"]
[WhiteElo "1789"]
[WhiteRD "155"]
[BlackElo "2284"]
[BlackRD "81"]
[GameID "214947"]

1. d4 Nf6 2. c4 c5 3. d5 b5 4. cxb5 a6 5. bxa6 g6 6. Nc3 Bxa6 7. Nf3 Bg7 8. e4 Bxf1 9. Kxf1 d6 10. g3 O-O
11. Kg2 Nfd7 12. Re1 Qb6 13. Re2 Na6 14. Bf4 Rfb8 15. Rc1 Nc7 16. Rcc2 Bxc3 17. bxc3 f6 18. Bc1 Nb5 19. c4 Nc7 20. Re3 Qb1
21. Nd2 Qb7 22. Rb3 Qc8 23. Rcb2 Rxb3 24. Qxb3 e6 25. a3 Ra7 26. Qe3 Qa6 27. Qb3 Qc8 28. Qe3 Qa6 29. Qb3 Qc8 30. Qe3=
1/2-1/2

[Event "Ride the Volga"]
[Site "SchemingMind.com"]
[Date "2009.08.05"]
[Round "-"]
[White "maro"]
[Black "jonjenson"]
[Result "0-1"]
[WhiteCountry "MEX"]
[BlackCountry "ENG"]
[WhiteElo "1292"]
[WhiteRD "48"]
[BlackElo "1789"]
[BlackRD "155"]
[GameID "214950"]

1. d4 Nf6 2. c4 c5 3. d5 b5 4. cxb5 a6 5. Qa4 Nxd5 6. Bd2 Qb6 7. Ba5 Qb7 8. b6 Nc6 9. e3 g6 10. Bc4 Nxb6
11. Bxf7+ Kxf7 12. Qb3+ e6 13. Bc3 c4 14. Qc2 Rg8 15. Ne2 Nd5 16. O-O Nxc3 17. Nbxc3 Qb4 18. a3 Qe7 19. Qa4 Bb7 20. b4 Bg7
21. Rfd1 Ne5 22. b5 axb5 23. Qxb5 Bc6 24. Qb1 Rxa3 25. Rxa3 Qxa3 26. Nd4 Qxc3 27. Nxc6 dxc6 28. f4 Qxe3+ 29. Kh1 Nd3
0-1

[Event "Ride the Volga"]
[Site "SchemingMind.com"]
[Date "2009.08.08"]
[Round "-"]
[White "kiraly"]
[Black "jonjenson"]
[Result "1-0"]
[WhiteCountry "INT"]
[BlackCountry "ENG"]
[WhiteElo "2369"]
[WhiteRD "79"]
[BlackElo "1724"]
[BlackRD "104"]
[GameID "214951"]

1. d4 Nf6 2. c4 c5 3. d5 b5 4. cxb5 a6 5. bxa6 Bxa6 6. Nc3 d6 7. Nf3 g6 8. e4 Bxf1 9. Kxf1 Bg7 10. g3 O-O
11. Kg2 Nbd7 12. Qe2 Qa5 13. Bd2 Rfb8 14. b3 Ng4 15. Na4 Qb5 16. Qxb5 Rxb5 17. Rac1 Nde5 18. Nxe5 Nxe5 19. Bc3 Nd3 20. Rc2 Nb4
21. Re2 Rb7 22. Bxg7 Kxg7 23. Rc1 f6 24. f4 h6 25. Rc3 c4 26. Rxc4 Raa7 27. Kf3 Na6 28. Nc3 Nb4 29. a4 Na6 30. Nb5 Ra8
31. b4 Nb8 32. Nc3 Na6 33. Rb2 g5 34. a5 h5 35. b5 g4+ 36. Ke3 Nc5 37. Rxc5 dxc5 38. a6
1-0

[Event "Ride the Volga"]
[Site "SchemingMind.com"]
[Date "2009.08.08"]
[Round "-"]
[White "Kasker"]
[Black "jonjenson"]
[Result "1-0"]
[WhiteCountry "POL"]
[BlackCountry "ENG"]
[WhiteElo "2287"]
[WhiteRD "83"]
[BlackElo "1724"]
[BlackRD "104"]
[GameID "214952"]

1. d4 Nf6 2. c4 c5 3. d5 b5 4. cxb5 a6 5. bxa6 Bxa6 6. Nc3 d6 7. e4 Bxf1 8. Kxf1 g6 9. Nge2 Bg7 10. h3 O-O
11. Kg1 Nbd7 12. Rb1 Qa5 13. Bf4 Rfb8 14. Qc2 Ne8 15. h4 Nb6 16. h5 Na4 17. hxg6 fxg6 18. Nd1 Nb6 19. a3 Qa4 20. Rc1 Qxc2
21. Rxc2 Na4 22. Bc1 Rb3 23. Rh3 Rab8 24. Rxb3 Rxb3 25. Ndc3 Nb6 26. Nb1 Nd7 27. Nd2 Rb8 28. Nc4 Nef6 29. f3 Ne8 30. Bd2 Nc7
31. a4 Nb6 32. Nxb6 Rxb6 33. b4 Na6 34. b5 Nc7 35. Ba5 Rb7 36. Bxc7 Rxc7 37. b6 Rd7 38. a5
1-0

[Event "Ride the Volga"]
[Site "SchemingMind.com"]
[Date "2009.08.08"]
[Round "-"]
[White "Supersonic Speed King"]
[Black "maro"]
[Result "1-0"]
[WhiteCountry "USA"]
[BlackCountry "MEX"]
[WhiteElo "1419"]
[WhiteRD "164"]
[BlackElo "1292"]
[BlackRD "48"]
[GameID "215159"]

1. d4 Nf6 2. c4 c5 3. d5 b5 4. Qc2 b4 5. e4 Qa5 6. e5 b3+ 7. Qc3 Qxc3+ 8. Nxc3 Ng4 9. Nb5 Na6 10. Bd2 Nxe5
11. axb3 e6 12. Rxa6 Bxa6 13. Nc7+ Ke7 14. Nxa8 g6 15. Nc7 Bb7 16. Bc3 Bg7 17. f4 Kd6 18. Nb5+ Ke7 19. d6+ Kf8 20. fxe5
1-0

[Event "Ride the Volga"]
[Site "SchemingMind.com"]
[Date "2009.08.08"]
[Round "-"]
[White "Supersonic Speed King"]
[Black "kiraly"]
[Result "0-1"]
[WhiteCountry "USA"]
[BlackCountry "INT"]
[WhiteElo "1419"]
[WhiteRD "164"]
[BlackElo "2364"]
[BlackRD "84"]
[GameID "215160"]

1. d4 Nf6 2. c4 c5 3. d5 b5 4. cxb5 a6 5. bxa6 g6 6. Nc3 Bg7 7. e4 O-O 8. Be2 Qa5 9. Bd2 Bxa6 10. e5 Ne8
11. f4 Nc7 12. Nf3 Qb6
0-1

[Event "Ride the Volga"]
[Site "SchemingMind.com"]
[Date "2009.08.09"]
[Round "-"]
[White "Supersonic Speed King"]
[Black "Kasker"]
[Result "0-1"]
[WhiteCountry "USA"]
[BlackCountry "POL"]
[WhiteElo "1419"]
[WhiteRD "164"]
[BlackElo "2284"]
[BlackRD "81"]
[GameID "215161"]

1. d4 Nf6 2. c4 c5 3. d5 b5 4. cxb5 a6 5. bxa6 g6 6. Nc3 Bxa6 7. e4 Bxf1 8. Kxf1 d6 9. Nf3 Bg7 10. g3 O-O
11. Kg2 Nfd7 12. Bf4 Qb6 13. Rb1 Na6 14. Re1 Nc7 15. Qd3 Rfd8 16. a3 Qa6 17. Qxa6 Rxa6 18. h3 e6
0-1

[Event "Ride the Volga"]
[Site "SchemingMind.com"]
[Date "2009.08.08"]
[Round "-"]
[White "maro"]
[Black "Supersonic Speed King"]
[Result "0-1"]
[WhiteCountry "MEX"]
[BlackCountry "USA"]
[WhiteElo "1292"]
[WhiteRD "48"]
[BlackElo "1419"]
[BlackRD "164"]
[GameID "215165"]

1. d4 Nf6 2. c4 c5 3. d5 b5 4. cxb5 a6 5. d6 axb5 6. g3 Bb7 7. f3 exd6 8. Bf4 d5 9. Be5 Be7 10. Nh3 Nc6
11. f4 Nxe5 12. fxe5 Ng4 13. Bg2 Ne3 14. Qd2 Nxg2+ 15. Kf1 d4 16. Rg1 Ne3+ 17. Ke1 c4 18. Qxd4 Nc2+
0-1

[Event "Ride the Volga"]
[Site "SchemingMind.com"]
[Date "2009.08.08"]
[Round "-"]
[White "kiraly"]
[Black "Supersonic Speed King"]
[Result "1-0"]
[WhiteCountry "INT"]
[BlackCountry "USA"]
[WhiteElo "2364"]
[WhiteRD "84"]
[BlackElo "1419"]
[BlackRD "164"]
[GameID "215166"]

1. d4 Nf6 2. c4 c5 3. d5 b5 4. cxb5 a6 5. bxa6 g6 6. Nc3 Bxa6 7. e4 Bxf1 8. Kxf1 d6 9. Nf3 Bg7 10. g3 O-O
11. Kg2 Nbd7 12. Qe2
1-0

[Event "Ride the Volga"]
[Site "SchemingMind.com"]
[Date "2009.08.09"]
[Round "-"]
[White "Kasker"]
[Black "Supersonic Speed King"]
[Result "1-0"]
[WhiteCountry "POL"]
[BlackCountry "USA"]
[WhiteElo "2284"]
[WhiteRD "81"]
[BlackElo "1419"]
[BlackRD "164"]
[GameID "215167"]

1. d4 Nf6 2. c4 c5 3. d5 b5 4. cxb5 a6 5. bxa6 g6 6. Nc3 Bxa6 7. e4 Bxf1 8. Kxf1 d6 9. Nge2 Nbd7 10. h3 Bg7
11. Kg1 O-O 12. Rb1 Qa5 13. Bf4 Nb6 14. Kh2 Rfb8 15. b3 Nh5 16. Bd2
1-0

[Event "Ride the Volga"]
[Site "SchemingMind.com"]
[Date "2009.08.09"]
[Round "-"]
[White "jonjenson"]
[Black "Supersonic Speed King"]
[Result "1-0"]
[WhiteCountry "ENG"]
[BlackCountry "USA"]
[WhiteElo "1789"]
[WhiteRD "155"]
[BlackElo "1419"]
[BlackRD "164"]
[GameID "215169"]

1. d4 Nf6 2. c4 c5 3. d5 b5 4. cxb5 a6 5. bxa6 g6 6. Nc3 Bxa6 7. Nf3 d6 8. e4 Bxf1 9. Kxf1 Nbd7 10. g3 Bg7
11. Kg2 O-O 12. Re1 Qa5 13. h3
1-0

[Event "Ride the Volga"]
[Site "SchemingMind.com"]
[Date "2009.08.08"]
[Round "-"]
[White "donimator"]
[Black "maro"]
[Result "1-0"]
[WhiteCountry "CAN"]
[BlackCountry "MEX"]
[WhiteElo "1798"]
[WhiteRD "116"]
[BlackElo "1292"]
[BlackRD "48"]
[GameID "215199"]

1. d4 Nf6 2. c4 c5 3. d5 b5 4. Nf3 bxc4 5. Nc3 d6 6. e4 e5 7. dxe6 Bxe6 8. Bxc4 Bxc4 9. Qa4+ Nfd7 10. Qxc4 Ne5
11. Nxe5 dxe5 12. Be3 Be7 13. Bxc5 O-O 14. Bxe7 Qxe7 15. O-O Nd7 16. Nd5 Qg5 17. Qe2 Rfe8 18. Nc7 Rac8 19. Nxe8 Rxe8 20. Rac1 Nb6
21. Rc7 a5 22. Qb5 Rb8 23. Qxb6 Qd8 24. Qxa5 Rxb2 25. Qxe5 Rxa2 26. Qe7 Qxe7 27. Rxe7
1-0

[Event "Ride the Volga"]
[Site "SchemingMind.com"]
[Date "2009.08.08"]
[Round "-"]
[White "donimator"]
[Black "kiraly"]
[Result "0-1"]
[WhiteCountry "CAN"]
[BlackCountry "INT"]
[WhiteElo "1815"]
[WhiteRD "94"]
[BlackElo "2369"]
[BlackRD "79"]
[GameID "215200"]

1. d4 Nf6 2. c4 c5 3. d5 b5 4. Nd2 Qa5 5. Qc2 bxc4 6. e4 Na6 7. Bxc4 e6 8. dxe6 fxe6 9. e5 Bb7 10. Kf1 Nb4
11. Qd1 Nfd5 12. Ngf3 Qc7 13. Nb3 Nb6 14. Be2 Be7 15. a3 Bxf3 16. Bxf3 N4d5 17. Qe2 O-O 18. Bd2 Rac8 19. Rc1 c4 20. Nd4 Qc5
21. Bxd5 Nxd5 22. Nf3 Qb5 23. Rc2 Qb3 24. Bc1 c3 25. Qd3 Rb8 26. bxc3 Bxa3 27. Nd4 Qb1 28. Qd2 Rbc8 29. Ke2 Bc5 30. Rb2 Qe4+
31. Kf1 Nxc3 32. Nf3 Qc4+ 33. Ke1 Bxf2+
0-1

[Event "Ride the Volga"]
[Site "SchemingMind.com"]
[Date "2009.08.09"]
[Round "-"]
[White "donimator"]
[Black "Kasker"]
[Result "0-1"]
[WhiteCountry "CAN"]
[BlackCountry "POL"]
[WhiteElo "1815"]
[WhiteRD "94"]
[BlackElo "2287"]
[BlackRD "83"]
[GameID "215201"]

1. d4 Nf6 2. c4 c5 3. d5 b5 4. cxb5 a6 5. Nc3 axb5 6. e4 b4 7. Nb5 d6 8. Bf4 Nxe4 9. Qe2 g5 10. Be5 dxe5
11. Qxe4 Bg7 12. d6 Ra5 13. Rd1 O-O 14. Nf3 e6 15. h4 f5 16. Qc4 e4 17. Nxg5 Qf6 18. Qxc5 Qxb2 19. Bc4 Qc3+ 20. Kf1 Rxb5
21. Qxb5 Ba6 22. Qxa6 Nxa6 23. Bxe6+ Kh8 24. d7 Bd4 25. Rh3 Qb2 26. Re3 Bxe3 27. fxe3 Nc5 28. d8=Q Rxd8 29. Rxd8+ Kg7 30. Bxf5 Qb1+
31. Kf2 Qxa2+ 32. Kg3 b3 33. Nxe4 Qe2 34. Nxc5 Qxe3+ 35. Kg4 Qxc5 36. Rc8 Qe5 37. h5 b2 38. g3 Qd6 39. Ra8 Qd1+
0-1

[Event "Ride the Volga"]
[Site "SchemingMind.com"]
[Date "2009.08.08"]
[Round "-"]
[White "donimator"]
[Black "jonjenson"]
[Result "1/2-1/2"]
[WhiteCountry "CAN"]
[BlackCountry "ENG"]
[WhiteElo "1815"]
[WhiteRD "94"]
[BlackElo "1724"]
[BlackRD "104"]
[GameID "215203"]

1. d4 Nf6 2. c4 c5 3. d5 b5 4. cxb5 a6 5. e3 g6 6. Nc3 Bg7 7. Nf3 O-O 8. a4 Bb7 9. Ra3 d6 10. Bc4 axb5
11. axb5 Rxa3 12. bxa3 Qa5 13. Qd2 Nbd7 14. O-O Ng4 15. Bb2 Nb6 16. Ba2 Ne5 17. Nxe5 Bxe5 18. f4 Bg7 19. Rd1 Na4 20. Nxa4 Qxa4
21. Bxg7 Kxg7 22. Qd3 Ra8 23. e4 Qxa3 24. Bb3 Qb2 25. Rb1 Ra1 26. Rxa1 Qxa1+ 27. Kf2 Qb2+ 28. Kf3 Qa1 29. h3 h6 30. Bc4 h5
31. Qb3 h4 32. Qd3 Qe1 33. Qf1 Qc3+ 34. Qd3 Qe1 35. Qf1=
1/2-1/2

[Event "Ride the Volga"]
[Site "SchemingMind.com"]
[Date "2009.08.08"]
[Round "-"]
[White "donimator"]
[Black "Supersonic Speed King"]
[Result "1-0"]
[WhiteCountry "CAN"]
[BlackCountry "USA"]
[WhiteElo "1798"]
[WhiteRD "116"]
[BlackElo "1419"]
[BlackRD "164"]
[GameID "215205"]

1. d4 Nf6 2. c4 c5 3. d5 b5 4. a4 b4 5. g3 g6 6. Bg2 d6 7. e4 Nbd7 8. f4 Bg7 9. Qe2 O-O 10. e5 dxe5
11. fxe5
1-0

[Event "Ride the Volga"]
[Site "SchemingMind.com"]
[Date "2009.08.08"]
[Round "-"]
[White "maro"]
[Black "donimator"]
[Result "0-1"]
[WhiteCountry "MEX"]
[BlackCountry "CAN"]
[WhiteElo "1292"]
[WhiteRD "48"]
[BlackElo "1798"]
[BlackRD "116"]
[GameID "215206"]

1. d4 Nf6 2. c4 c5 3. d5 b5 4. cxb5 a6 5. Qa4 Nxd5 6. bxa6 Bxa6 7. Nc3 Nxc3 8. bxc3 Nc6 9. Nf3 Bxe2 10. Qe4 Bxf1
11. Rxf1 d5 12. Qe3 e6 13. Ne5 Nxe5 14. Qxe5 Ra4 15. f3 Be7 16. Qxg7 Bf6 17. Qh6 Bxc3+ 18. Bd2 Bxa1 19. Bg5 Qa5+ 20. Kf2 Rxa2+
21. Kg3 Be5+ 22. f4 Qd2 23. fxe5 Qxg2+ 24. Kf4 Ra4+ 25. Ke3 Ra3+ 26. Kf4 Qe4#
0-1

[Event "Ride the Volga"]
[Site "SchemingMind.com"]
[Date "2009.08.08"]
[Round "-"]
[White "kiraly"]
[Black "donimator"]
[Result "1-0"]
[WhiteCountry "INT"]
[BlackCountry "CAN"]
[WhiteElo "2364"]
[WhiteRD "84"]
[BlackElo "1798"]
[BlackRD "116"]
[GameID "215207"]

1. d4 Nf6 2. c4 c5 3. d5 b5 4. cxb5 a6 5. bxa6 Bxa6 6. Nc3 g6 7. e4 Bxf1 8. Kxf1 d6 9. Nf3 Bg7 10. g3 O-O
11. Kg2 Nbd7 12. Qe2 Qb6 13. h3 Rfb8 14. Rb1 Ne8 15. Bg5 Bxc3 16. bxc3 Qxb1 17. Rxb1 Rxb1 18. e5 Rb7 19. Bxe7 Nxe5 20. Bxd6 Nxf3
21. Bxc5 Rc7 22. Bb4 Nd4 23. cxd4 Rd7 24. Qb5 Rdd8 25. Qb7 Rdb8 26. Qe7 Nf6 27. Bd2 Rxa2 28. Bh6
1-0

[Event "Ride the Volga"]
[Site "SchemingMind.com"]
[Date "2009.08.09"]
[Round "-"]
[White "Kasker"]
[Black "donimator"]
[Result "1-0"]
[WhiteCountry "POL"]
[BlackCountry "CAN"]
[WhiteElo "2284"]
[WhiteRD "81"]
[BlackElo "1798"]
[BlackRD "116"]
[GameID "215208"]

1. d4 Nf6 2. c4 c5 3. d5 b5 4. cxb5 a6 5. bxa6 Bxa6 6. Nc3 g6 7. e4 Bxf1 8. Kxf1 d6 9. Nge2 Bg7 10. h3 O-O
11. Kg1 Qb6 12. Rb1 Nbd7 13. Be3 Qb7 14. Kh2 Rfb8 15. Re1 Ne8 16. Qd2 Nc7 17. Bh6 Nb5 18. Bxg7 Kxg7 19. b3 h6 20. f4 Na3
21. Rbc1 Qb4 22. Qe3 c4 23. Nd4 Re8 24. e5 cxb3 25. e6 Nc4 26. Qe2 b2 27. exd7 bxc1=Q 28. dxe8=N+ Rxe8 29. Rxc1
1-0

[Event "Ride the Volga"]
[Site "SchemingMind.com"]
[Date "2009.08.08"]
[Round "-"]
[White "jonjenson"]
[Black "donimator"]
[Result "0-1"]
[WhiteCountry "ENG"]
[BlackCountry "CAN"]
[WhiteElo "1724"]
[WhiteRD "104"]
[BlackElo "1815"]
[BlackRD "94"]
[GameID "215210"]

1. d4 Nf6 2. c4 c5 3. d5 b5 4. cxb5 a6 5. bxa6 Bxa6 6. Nc3 g6 7. Nf3 Bg7 8. e4 Bxf1 9. Kxf1 d6 10. g3 O-O
11. Kg2 Nbd7 12. Re1 Qa5 13. h3 Rfb8 14. Re2 Ne8 15. Bf4 Bxc3 16. bxc3 Qxc3 17. a4 Nb6 18. Rc2 Qb4 19. Qd3 Rxa4 20. Bd2 Qxe4
21. Qxe4 Rxe4 22. Rb2 Nc7 23. Rab1 Ncxd5 24. Ba5 Ra4 25. Bxb6 Nb4 26. Bxc5 dxc5 27. Ne5 Rd8 28. Nc4 Nd3 29. Rb8 Rxb8 30. Rxb8+ Kg7
31. Nb2 Nxb2 32. Rxb2 c4 33. Rc2 Kf6 34. f4 Kf5 35. Kf3 Ra3+ 36. Kf2 c3 37. Ke3 e5 38. g4+ Kf6 39. fxe5+ Kxe5 40. Kd3 f5
41. gxf5 Kxf5 42. Kc4 Ra7 43. Rf2+ Kg5 44. h4+ Kxh4 45. Kxc3 Rd7 46. Rf6 Kg5 47. Rf2 h5 48. Rg2+ Kh6
0-1

[Event "Ride the Volga"]
[Site "SchemingMind.com"]
[Date "2009.08.08"]
[Round "-"]
[White "Supersonic Speed King"]
[Black "donimator"]
[Result "0-1"]
[WhiteCountry "USA"]
[BlackCountry "CAN"]
[WhiteElo "1419"]
[WhiteRD "164"]
[BlackElo "1798"]
[BlackRD "116"]
[GameID "215212"]

1. d4 Nf6 2. c4 c5 3. d5 b5 4. cxb5 e6 5. Nc3 exd5 6. Nxd5 Bb7 7. Nxf6+ Qxf6 8. Qb3 d5 9. Nf3 h6 10. g3 Nd7
11. Bh3 Nb6 12. O-O Bd6
0-1

[Event "Ride the Volga"]
[Site "SchemingMind.com"]
[Date "2009.08.15"]
[Round "-"]
[White "Bandit2"]
[Black "maro"]
[Result "1-0"]
[WhiteCountry "POL"]
[BlackCountry "MEX"]
[WhiteElo "1898"]
[WhiteRD "219"]
[BlackElo "1292"]
[BlackRD "48"]
[GameID "215498"]

1. d4 Nf6 2. c4 c5 3. d5 b5 4. cxb5 d6 5. Nc3 a6 6. e4 axb5 7. Bxb5+ Bd7 8. Bc4 Qa5 9. Bd2 Qb4 10. Qe2 Qxb2
11. Rb1 Qa3 12. Nf3 g6 13. e5 dxe5 14. Qxe5 Ng4 15. Rxb8+ Bc8 16. Qc7 Rxb8 17. Bb5+
1-0

[Event "Ride the Volga"]
[Site "SchemingMind.com"]
[Date "2009.08.15"]
[Round "-"]
[White "Bandit2"]
[Black "kiraly"]
[Result "1-0"]
[WhiteCountry "POL"]
[BlackCountry "INT"]
[WhiteElo "2069"]
[WhiteRD "130"]
[BlackElo "2369"]
[BlackRD "79"]
[GameID "215499"]

1. d4 Nf6 2. c4 c5 3. d5 b5 4. cxb5 a6 5. bxa6 Bxa6 6. g3 d6 7. Bg2 g6 8. b3 Bg7 9. Bb2 O-O 10. Nh3 Nbd7
11. O-O Qb6 12. Bc3 Bh6 13. Re1 Rfc8 14. Nd2 Qb7 15. e4 Ne5 16. f4 Nd3 17. Re2 Nb4 18. Nc4 Rcb8 19. e5 Ne8 20. a3 Na2
21. Rexa2 Qxb3 22. Nxd6 Qxd1+ 23. Rxd1 exd6 24. Nf2 Bg7 25. a4 Bc4 26. Raa1 f6 27. Ne4 fxe5 28. fxe5 Bb3 29. Rdb1 Bxd5 30. Rxb8 Rxb8
31. a5 dxe5 32. a6 Nc7 33. a7 Ra8 34. Ra5 Kf7 35. Nxc5 Bh6 36. Bxe5 Be3+ 37. Kh1 Bxg2+ 38. Kxg2 Nd5 39. Kf3 Bg1 40. Nb3 Ke6
41. Bd4 Bxd4 42. Nxd4+ Kd6 43. Kg4 h6 44. h4 Nb6 45. Rb5 Nd7 46. Rb7 Nf6+ 47. Kf3 Kc5 48. Ne6+ Kc6 49. Rg7
1-0